00218nam a2200109Ia 4500100001800000654000900018245002000027260002800047082001300075300000800088546001200096 aSucec/ James  aHeat aHeat transfer bJaico PubaBombayc1994 a621.4022 a853 aENGLISH